| 000 | 00647nam a22002057a 4500 | ||
|---|---|---|---|
| 003 | SISC | ||
| 005 | 20170302125011.0 | ||
| 008 | 170302b xxu||||| |||| 00| 0 eng d | ||
| 020 | _a9789814763127 | ||
| 050 |
_aHD 58.8 _b.C85 2016 |
||
| 100 | _aCummings, Thomas G. | ||
| 245 |
_aOrganization development and change / _cThomas G. Cummings, Christopher G. Worley. |
||
| 250 | _a10th edition. | ||
| 260 |
_aSingapore : _bCengage Learning, _c2016. |
||
| 300 |
_axxii, 810 pages : _billustrations ; _c25 cm. |
||
| 500 | _aIncludes glossary and index. | ||
| 650 | _aOrganizational change. | ||
| 700 | _aWorley, Christopher G. | ||
| 942 |
_2lcc _cBK |
||
| 999 |
_c317069 _d317069 |
||